banner koha

Growth and physiological quality in clonal seedlings of Robusta coffee (Registro n. 86684)

MARC details
000 -LÍDER
fixed length control field 04287nab a2200313 i 4500
003 - CÓDIGO MARC DA AGÊNCIA CATALOGADORA
Campo de controle BR-BrBNA
005 - DATA E HORA DA ÚLTIMA ATUALIZAÇÃO
Campo de controle 20240528160930.0
008 - CAMPO DE TAMANHO FIXO
fixed length control field 231108b2020 bl.qr|pooa||| 00| 0 eng |
040 ## - FONTE DA CATALOGAÇÃO
Agência catalogadora BR-BrBNA
Idioma da catalogação eng
072 ## - CATEGORIA AGRIS
Código AGRIS F02
Código do objeto 2120
100 ## - ENTRADA PRINCIPAL - NOME PESSOAL
Nome pessoal Giuriatto Júnior, Jurandyr José Ton
100 ## - ENTRADA PRINCIPAL - NOME PESSOAL
Nome pessoal Espindula, Marcelo Curitiba
100 ## - ENTRADA PRINCIPAL - NOME PESSOAL
Nome pessoal Araújo, Larissa Fatarelli Bento de
100 ## - ENTRADA PRINCIPAL - NOME PESSOAL
Nome pessoal Vasconcelos, Jaqueline Martin
100 ## - ENTRADA PRINCIPAL - NOME PESSOAL
Nome pessoal Campanharo, Marcela
245 ## - TÍTULO PRINCIPAL
Título principal Growth and physiological quality in clonal seedlings of Robusta coffee
500 ## - NOTA GERAL
Nota geral Publicação on-line; 27 ref.; Summaries (En, Pt)
942 ## - ADDED ENTRY ELEMENTS (KOHA)
Koha item type
520 ## - NOTA DE RESUMO
Nota de conteúdo <br/><br/>ABSTRACT - The intrinsic characteristics of the vegetative propagule may influence the rooting speed and shoot growth, as well as the final physiological quality of clonal seedlings of Coffea canephora. The aim of this study was to evaluate the growth and physiological quality of ‘Robusta’ coffee seedlings produced from propagules (stem cuttings) with different cutting ages. The study was conducted in a greenhouse, in the district of Ouro Preto do Oeste, in Rondônia, Brazil (10˚45’43” S and 62˚15’10” W). The ages of the cuttings were 30, 60, 90, 120 and 150 days, corresponding to five positions on the secondary orthotropic stem (sprout), from the apex to the base. Dry matter accumulation, and relative and absolute growth rates were evaluated for 188 days after cutting, as well as the vegetative characteristics of the seedlings at 125 days after cutting. It appears that growth can be divided into three phases: 1) Initial: slow growth, lasting approximately 83 days; 2) Intermediate: fast growth, lasting approximately 40 days; and 3) Final: slow growth, starting approximately 125 days after cutting. With physiological quality, although all the cuttings showed similar growth curves, those of 60, 90 and 120 days produced, 125 days after cutting, the best vegetative performance in the seedlings.<br/><br/><br/>Key words: Rubiaceae. Coffea canephora. Cuttings. Maturation stage. Weight accumulation.
520 ## - NOTA DE RESUMO
Nota de conteúdo <br/><br/>RESUMO - As características intrínsecas do propágulo vegetativo podem influenciar na velocidade de enraizamento e crescimento da parte aérea, bem como, na qualidade fisiológica final de mudas clonais de cafeeiros (Coffea canephora). Diante disso, objetivou-se avaliar o crescimento e a qualidade fisiológica de mudas de cafeeiros ‘Robusta’ produzidas a partir de propágulos (estacas caulinares) com diferentes idades. O estudo foi conduzido em casa de vegetação, no município de Ouro Preto do Oeste, Rondônia, Brasil (10˚45’43” S e 62˚15’10” W). As idades de formação das estacas foram: 30, 60, 90, 120 e 150 dias, o que correspondeu a cinco posições na haste ortotrópica secundária (broto), do ápice para a base. Foram avaliadas as taxas de acúmulo de massa seca e de crescimento relativo e absoluto durante 188 dias após o estaqueamento, bem como, características vegetativas das mudas aos 125 dias após o estaqueamento. Sobre o crescimento conclui-se que este pode ser dividido em três fases: 1) Inicial: crescimento lento, com duração de aproximadamente 83 dias; 2) Intermediária: de rápido crescimento, com duração de aproximadamente 40 dias; 3) Final: de crescimento lento, que tem início aproximadamente 125 dias após o estaqueamento. Sobre a qualidade fisiológica conclui-se que, apesar de todas as idades das estacas [cuttings] apresentarem curvas de crescimento semelhantes, as estacas [cuttings] de 60, 90 e 120 dias são as que proporcionam o melhor desempenho vegetativo das mudas aos 125 dias após o estaqueamento.<br/><br/><br/>Palavras-chave: Rubiaceae. Coffea canephora. Estaquia. Estádios de maturação. Acúmulo de massa.
650 ## - ASSUNTO - THESAGRO
Cabeçalho tópico ou nome geográfico CAFÉ
650 ## - ASSUNTO - THESAGRO
Cabeçalho tópico ou nome geográfico MUDA
650 ## - ASSUNTO - THESAGRO
Cabeçalho tópico ou nome geográfico CRESCIMENTO
650 ## - ASSUNTO - THESAGRO
Cabeçalho tópico ou nome geográfico ENRAIZAMENTO DE ESTACA
650 ## - ASSUNTO - THESAGRO
Cabeçalho tópico ou nome geográfico PROPAGAÇÃO VEGETATIVA
773 0# - ENTRADA ANALÍTICA
Host Biblionumber 4290
Registro do item 25562
Imprenta Fortaleza-CE Universidade Federal do Ceará. Centro de Ciências Agrárias 2002
Outro identificador 2023-436128
Título Revista Ciência Agronômica (Brazil)
ISSN 0045-6888; 1806-6690 (on-line)
Colação v. 51(4) p. 1-7; (2020)
Número de controle de registro BR2023002014
856 ## - ACESSO E ENDEREÇO ELETRÔNICO
Identificador uniforme de recurso - URI https://www.scielo.br/j/rca/a/QwL67yGzkbWKjZFYPVTF3Bs/?format=pdf&lang=en

Nenhum exemplar disponível.

BINAGRI

Telefone: (61)3218-2567/2388/3357/2097 - binagri@agro.gov.br

Ministério da Agricultura e Pecuária , Esplanada dos Ministérios, Bloco D, Anexo B, Brasília/DF, CEP: 70.043-900